000 00501nam a22001697a 4500
005 20251108172157.0
008 250721s9999 xx 000 0 ara d
082 1 4 _a748/جيه
100 1 _aأحمد، جيهان علي
245 1 0 _aالرسم على الزجاج و النوافذ و الأبواب /
264 1 _aالرياض :
_bمكتبة دار الشعب،
650 1 7 _aالرسم
650 1 7 _aالزجاج
650 1 7 _aالفن الزخرفي
942 _2ddc
_cBK
999 _c72388
_d72388